Score 0/11 Timer 04:00
5 Plays Today
Question Answer Wrong Answers
Definition
Which of these words fits the definition: 'the minimum number of members of an assembly that must be present to make the proceedings of a given meeting valid'?
Quorum
86%
Quantum
7.2%
Quiescent
4.2%
Quarantine
1.2%
Begins and Ends
Which of these types of words or phrases always begins and ends with the same letter?
Palindrome
78.5%
Anagram
7.4%
Pangram
8.3%
Antimetabole
5.2%
Spanish
'Amarillo' is Spanish for which color?
Yellow
74.9%
Orange
7.5%
Maroon
5.6%
Brown
10.2%
Latin
Which common Latin phrase has the literal translation 'that is'?
id est
71.9%
et cetera
4.8%
exempli gratia
3%
et al
17.2%
Italian
'Sessanta' is the Italian for which number?
Sixty
57.5%
Seventy
32.3%
Six
2.8%
Seven
4.7%
French
What is the first line of the French national anthem, 'La Marseillaise'?
Allons enfants de la Patrie
55.8%
Dieu sauver notre gracieuse reine
14.6%
O! dire que vous pouvez voir, au début de la lumière de l'aube
25.4%
William de Nassau Suis-je, de sang indigène
1.9%
Translation
'Lingvo' is the translation of the word 'Language', in what language?
Esperanto
54.4%
Latin
14.5%
Basque
10.6%
Romanian
17%
Chinese
Which of these countries has Chinese as an official language?
Singapore
51%
Malaysia
12.8%
Vietnam
5.3%
Mongolia
27.9%
Japanese
What does the word 'karaoke' literally mean?
Empty Orchestra
45.6%
Alone Voice
23.3%
Quiet Orchestra
5.3%
Open Voice
22.1%
German
In which of these countries is German an official language but NOT the most widely spoken language?
Belgium
36.9%
Liechtenstein
10.4%
Netherlands
17%
Switzerland
33.2%
Vocabulary
Which of the following is NOT a real double-letter word in English vocabulary?
leed
36.2%
teed
17.5%
meed
43.2%
heed
3%
Come Together.
Have Fun.
All Virtual.
We all need to come together. Play Sporcle's virtual live trivia to have fun, connect with people, and get your trivia on. Join a live hosted trivia game for your favorite pub trivia experience done virtually. If a virtual private party is more your thing, go here for details.

You're not logged in!

Compare scores with friends on all Sporcle quizzes.
OR
Log In

Sporcle TV

Today on Sporcle TV


Watch our educational content, quiz creation guides, and fun videos on Sporcle TV.

Show Comments

Extras

Top Quizzes Today


Score Distribution

Paid Content

Your Account Isn't Verified!

In order to create a playlist on Sporcle, you need to verify the email address you used during registration. Go to your Sporcle Settings to finish the process.

Report this User

Report this user for behavior that violates our Community Guidelines.

Details: